Quiz Star Wars #4 - Statistiques

Statistiques générales
  • Ce quiz a été pris 154 fois
  • Le résultat moyen est 9 sur 10
Statistiques - réponses
Question Réponse % Correct
Qui est l'apprenti Sith que les Jedi affrontent dans "La Menace Fantôme" ? Dark Maul
100%
Quelle est la reine que les Jedi protègent dans ce film ? Padmé Amidala
98%
Qui tue Qui-Gon Jinn dans "La Menace Fantôme" ? Dark Maul
97%
Quel Jedi devient le maître d'Anakin à la fin du film ? Obi-Wan Kenobi
97%
Comment s'appelle l'arme personnelle des Jedi et des Sith ? Sabre laser
97%
Quelle est la planète natale d'Anakin Skywalker ? Tatooine
95%
Quel est le rôle de Jar Jar Binks dans la bataille finale ? Commande l'armée Gungan
88%
Quel est le nom du Conseil qui dirige l'Ordre Jedi ? Le Conseil Jedi
87%
Qui est le Maître Jedi qui prend Anakin Skywalker sous son aile ? Qui-Gon Jinn
83%
Quel est le nom de la course de modules à laquelle Anakin participe ? La Boonta Eve Classic
55%
Aucun quiz correspondant
Distribution des résultats
% des personnes avec chaque résultat
Percentile par nombre de réponses
Votre historique - résultats
Vous n’avez pas pris ce quiz